000 00345nam a2200145Ia 4500
008 150201s2008 xx 000 0 und d
082 _a617.6
_bD2008C
100 _aCHAKRAVARTHU
245 _aDENTAL INSTRUMENTS
250 _a1ST
260 _bPARAS PUBLISHING
_aHYDERABAD
_c2008
300 _a1-298
650 _aORAL SURGERY
942 _2ddc
_cBK
999 _c3889
_d3889